00517 a2200169 450000100060000002000220000608200140002809000170004210000200005924500520007926000450013130000100017650000230018694200240020999900190023395200950025282272 a978-969-494-546-0 a123.5/SAL c39899d39899 aSalahuddin S.V. aDestiny or free will the human paradoxhEnglish aKarachibParamount Publishing Enterprise a244p. aGeneral Collection aCAE NUSTk123.5/SAL c317345d317345 001040708NFICaCAEbCAEd2017-04-03l0o123.5/SALpCAE82922r2017-04-05w2017-04-05yBK